Statistics for Celebrities that want to run for president in 2020

Click here to take the quiz!

General Stats

  • This quiz has been taken 60 times
  • The average score is 4 of 6

Answer Stats

HintCelebrity% Correct
The RockDwayne Johnson
97%
Men in BlackWill Smith
90%
FacebookMark Zuckerberg
88%
One of Taylor Swift's biggest enemiesKanye West
75%
Dark HorseKaty Perry
59%
Batman and RobinGeorge Clooney
39%

Score Distribution

Percentile by Number Answered

Percent of People with Each Score

Your Score History

You have not taken this quiz